U.S. Metro Areas With No Interstate Highway - Statistics

General Stats
  • This quiz has been taken 868 times
  • The average score is 20 of 56
Answers on the Map
Answers color-coded by a green-red scale on the quiz's map according to % correct below.
 
Answer Stats
City Population % Correct
San Jose 1,945,767
80%
Atlantic City 369,823
70%
Boulder 326,831
68%
Dover 189,789
64%
Bend 260,919
63%
Cedar Rapids 275,668
59%
Santa Maria 441,257
59%
Myrtle Beach 397,478
57%
Carson City 58,036
55%
Athens 222,060
51%
Oxnard 829,590
51%
Panama City 216,371
51%
College Station 281,445
46%
Walla Walla 61,568
41%
Dubuque 98,887
40%
Santa Rosa / Petaluma 481,812
40%
Ithaca 103,558
39%
Santa Cruz 261,547
39%
San Luis Obispo 281,639
38%
Corvallis 97,713
37%
Farmington 120,675
37%
Logan 157,887
37%
Lynchburg 264,590
36%
Waterloo 168,162
34%
Chico 207,172
33%
Dothan 153,349
33%
Salinas 430,723
33%
Lewiston 65,536
31%
Minot 75,742
31%
Greenville 175,119
30%
Midland 84,039
30%
Salisbury 129,710
30%
San Angelo 120,606
29%
Visalia 479,468
29%
Hot Springs 99,784
28%
Rome 100,113
27%
Florence 155,175
26%
Gettysburg 106,748
26%
Houma 198,672
26%
Mankato 104,248
26%
Vineland 152,326
25%
Barnstable 231,735
24%
Victoria 98,808
24%
Jacksonville 213,676
23%
Kokomo 83,831
23%
Eagle Pass 57,762
22%
Williamsport 112,724
22%
Yuba City 183,670
22%
Gainesville 217,267
21%
Sherman 146,907
21%
Weirton 113,544
21%
Johnstown 130,668
20%
Wenatchee 124,795
20%
Sebring 107,614
13%
Lexington Park 210,009
9%
Pinehurst 106,898
6%
No matching quizzes found
Score Distribution
Percent of People with Each Score
Percentile by Number Answered
Your Score History
You have not taken this quiz